Guía forestal argentina = Argentine forest guide.

Guardado en:
Autores Corporativos: Argentina. Secretaría de Agricultura, Ganadería y Pesca., Asociación Forestal Argentina.
Formato: Libro
Idioma:Spanish
Publicado: Buenos Aires : Guías Masindian, [1994]
Etiquetas: Agregar Etiqueta
Sin Etiquetas, Sea el primero en etiquetar este registro!
LEADER 00775nam a22001695a 4500
001 EEA.libagro005283
005 20180913113402.0
008 130809s1994####ag#a##########000#0#spa#d
082 0 4 |a 634.90982 
082 0 4 |a 338.1749 
245 1 0 |a Guía forestal argentina =  |b Argentine forest guide. 
260 |a Buenos Aires :  |b Guías Masindian,  |c [1994] 
300 |a 302 p. :  |b il. ;  |c 28 cm. 
550 |a Auspiciada por: Secretaría de Agricultura, Ganadería y Pesca de la Nación; Secretaría General de la Presidencia de la Nación y Asociación Forestal Argentina. 
710 2 |a Argentina.  |b Secretaría de Agricultura, Ganadería y Pesca. 
710 2 |a Asociación Forestal Argentina. 
859 |a AR-BbBCA  |b BIB. AGRONOMIA  |h 634.90982  |i A691-1  |p 1996/2556